00321nam a2200121Ia 4500008004100000041000800041082001700049100001900066245004500085260002700130300003100157365001100188240624s9999 xx 000 0 und d aeng a658.4013 BUR aBURGHALL ROGER aLEAN SIX SIGMA BUSINESS TRANSFORMATION F c2014aNew DelhibWiley axiv, : 306 : p. : cm. ; 22 cRSb33